| 000 | 00330nam a22001337a 4500 | ||
|---|---|---|---|
| 008 | 170713b xxu||||| |||| 00| 0 eng d | ||
| 020 | _a9780872204201 | ||
| 041 | _aeng | ||
| 080 |
_24TH _a101 |
||
| 100 | _a24 | ||
| 101 | _aFIL | ||
| 245 |
_aDISCOURSE ON METHOD AND MEDITAITONS ON FIRST PHILOSOPHY _cCRESS, D.A |
||
| 942 |
_2udc _cBK |
||
| 999 |
_c20456 _d20456 |
||